000 00615nam a2200253Ia 4500
003 OSt
005 20240610110055.0
008 210210b1962 xxu||||| |||| 00| 0 eng d
040 _cAL
041 _aSanskrit
082 _a886/77
100 _aWHITENEY (W D)
_9169815
245 _aAtharva veda sanhita Vol I
260 _aDelhi
_bMotilal banarasidas
_c1962
440 _a1
_9169816
650 _aVol
_9169817
650 _avEda
_9169818
650 _asamhita
_9169819
650 _aI
_9169820
650 _aAtharva
_9169821
690 _aSanskrit Criticism
_9169822
906 _a024582
942 _2ddc
_cBK
999 _c150119
_d150119